Jesus the teacher (Record no. 21379)

MARC details
000 -LEADER
campo de control de longitud fija 00436ntaaa2200169 4500
003 - IDENTIFICADOR DE NÚMERO DE CONTROL
campo de control 01
005 - FECHA Y HORA DE LA ÚLTIMA TRANSACCIÓN
campo de control 20251027202625.0
008 - DATOS DE LONGITUD FIJA--INFORMACIÓN GENERAL
campo de control de longitud fija 0714s1973 ag 01
040 ## - FUENTE DE CATALOGACIÓN
Centro catalogador/agencia de origen AR-BaBN
Lengua de catalogación spa
Centro/agencia transcriptor AR-BaBN
Normas de descripción aacr
Centro/agencia modificador RIC
082 ## - NÚMERO DE LA CLASIFICACIÓN DECIMAL DEWEY
Número de clasificación 371.0000 P93
100 ## - ENTRADA PRINCIPAL--NOMBRE DE PERSONA
Nombre de persona Price, J.M.
9 (RLIN) 7056
245 ## - MENCIÓN DEL TÍTULO
Título Jesus the teacher
250 ## - MENCION DE EDICION
Mención de edición 1 ed.
260 ## - PUBLICACIÓN, DISTRIBUCIÓN, ETC.
Lugar de publicación, distribución, etc. Nashville :
Nombre del editor, distribuidor, etc. Sunday School Board of the Southern Baptist Convention,
Fecha de publicación, distribución, etc. c1946
300 ## - DESCRIPCIÓN FÍSICA
Extensión 136 p
942 ## - ELEMENTOS DE ENTRADA SECUNDARIOS (KOHA)
Tipo de ítem Koha Colección General
Holdings
Estatus retirado Estado de pérdida Estado de daño No para préstamo Biblioteca de origen Biblioteca actual Fecha de adquisición Número de inventario Total de préstamos Signatura topográfica completa Código de barras Visto por última vez Precio de reemplazo Tipo de ítem Koha
        Biblioteca Pluis Biblioteca Pluis 27/10/2025 06497   371.0000 P93 06497 27/10/2025 27/10/2025 Colección General
        Biblioteca Pluis Biblioteca Pluis 27/10/2025 30347     30347 27/10/2025 27/10/2025 Colección General